Studies in "The Instructions of King Amenemhet I for his son" /

محفوظ في:

المؤلف الرئيسي: Goedicke, Hans (مؤلف)

التنسيق: كتاب

اللغة: English

منشور في: San Antonio : Van Siclen Books, 1988.

سلاسل: Varia Aegyptiaca. Supplement ; 2.
VA Supplement ; 2.

الموضوعات:

الوسوم: إضافة وسم

لا توجد وسوم, كن أول من يضع وسما على هذه التسجيلة!

رقم الطلب: DT57 .V31 v.2/1-2

LEADER 00934namaa2200289 4500
001 7813
003 OSt
005 20260423110816.0
008 130303s1988 txua b 000 0 eng d
020 |a 0933175159 
040 |c ARCE Library 
041 0 |a engegy 
050 4 |a DT57 .V31 v.2/1-2 
100 1 |a Goedicke, Hans,  |e author  |9 30860 
245 1 0 |a Studies in "The Instructions of King Amenemhet I for his son" /  |c by Hans Goedicke. 
264 1 |a San Antonio :   |b Van Siclen Books,   |c 1988. 
300 |a 2 volumes in 1 :  |b illustrations ;  |c 22 cm. 
490 1 |a Varia Aegyptiaca. Supplement ;   |v 2. 
490 1 |a VA Supplement ;   |v 2. 
504 |a Includes bibliographical references. 
600 0 0 |a Amenemhet‏  |b I,‏  |c King of Egypt,  |d -1962 B.C. 
650 0 |a Didactic literature, Egyptian. 
830 0 |a Varia Aegyptiaca. Supplement ;   |v 2. 
830 0 |a VA Supplement ;   |v 2. 
901 |a reviewed 
942 |c BK  |2 lcc 
999 |c 6789  |d 6789